| 000 | 00484nam a2200193 4500 | ||
|---|---|---|---|
| 003 | OSt | ||
| 005 | 20231002114130.0 | ||
| 008 | 160229b xxu||||| |||| 00| 0 eng d | ||
| 020 | _a039338014 | ||
| 040 | _c040a | ||
| 082 | _a301 JON 1985 | ||
| 100 |
_aTurner, Jonathan H. _96911 |
||
| 245 |
_aSociology: _ba student handbook |
||
| 260 |
_aNew York; _bRandom House, _c1985 |
||
| 300 |
_ax,129; _c10 cm |
||
| 504 | _aincludes index | ||
| 650 |
_aSociology _92259 |
||
| 942 |
_2ddc _cSLOAN |
||
| 999 |
_c3114 _d3114 |
||